[Event "V4 IM/WGM tournament Liptov 2011"]
[Site "Liptovsky Mikulas SVK"]
[Date "2011.06.25"]
[Round "4"]
[White "Kantorik,M"]
[Black "Druska,J"]
[Result "1/2-1/2"]
[WhiteElo "2312"]
[BlackElo "2293"]

1.d4 Nf6 2.c4 e6 3.g3 Bb4+ 4.Bd2 c5 5.Bxb4 cxb4 6.Bg2 d5 7.Nd2 O-O 8.Ngf3 b6
9.cxd5 Nxd5 10.O-O a5 11.e4 Ne7 12.Nc4 Ba6 13.b3 Nbc6 14.Qd2 Na7 15.a3 bxa3
16.Rfc1 Nb5 17.Nxa3 Nxa3 18.Rxa3 Rc8 19.Raa1 Qd6 20.Rxc8 Rxc8 21.b4 Nc6 22.bxa5 Nxa5
23.Rb1 Nc4 24.Qa2 b5 25.Bf1 Qc6 26.d5 exd5 27.exd5 Qf6 28.Bxc4 bxc4 29.Nd4 Qxd4
30.Qxa6 Rd8 31.Qd6 Qf6 32.Qc6 h5 33.Qxc4 h4 34.Rd1 Qf3 35.Qd3 Qxd3 36.Rxd3 hxg3
37.fxg3 Kf8 38.Kf2 Ke7 39.Ke3 Kd6 40.Kd4 Ra8 41.Rc3 Ra4+ 42.Rc4 Ra2 43.Rc6+ Kd7
44.h4 Rd2+ 45.Ke4 Re2+ 46.Kf5 Rf2+ 47.Ke4 Re2+ 48.Kf4 Rf2+ 49.Kg5 Rd2 50.Rc5 Kd6
51.Ra5 Rxd5+ 52.Rxd5+ Kxd5 53.Kf5 Kd6 54.h5 Ke7 55.g4 Kf8 56.g5 Kg8 57.Ke4 Kh7
58.Kf5 f6 59.gxf6  1/2-1/2

[Event "V4 IM/WGM tournament Liptov 2011"]
[Site "Liptovsky Mikulas SVK"]
[Date "2011.06.26"]
[Round "5"]
[White "Caletka,R"]
[Black "Jacko,V2"]
[Result "1-0"]
[WhiteElo "2357"]
[BlackElo "2156"]

1.d4 Nf6 2.c4 e6 3.g3 Bb4+ 4.Bd2 c5 5.Nf3 O-O 6.Bg2 d6 7.O-O Bxd2 8.Qxd2 Nc6
9.Nc3 e5 10.dxc5 dxc5 11.Qe3 Qd6 12.Rad1 Nd4 13.Nb5 Qb6 14.Nxe5 Nxb5 15.cxb5 Qxb5
16.b3 Be6 17.Qd3 Qb4 18.Qf3 Rab8 19.Qf4 Qa3 20.Rd2 h6 21.Rfd1 a5 22.Rc2 Rfc8
23.Qc1 Qb4 24.Nd3 Qg4 25.Nxc5 Bf5 26.e4 Bg6 27.f3 Qh5 28.Nxb7 Rxc2 29.Qxc2 Bxe4
30.fxe4 Rxb7 31.e5 Rd7 32.Qc8+  1-0

[Event "Karvina Open"]
[Site "Karvina CZE"]
[Date "2011.07.04"]
[Round "3.23"]
[White "Neumann,J"]
[Black "Havelka,Ondrej"]
[Result "1-0"]
[WhiteElo "2135"]
[BlackElo "1680"]

1.d4 Nf6 2.c4 e6 3.g3 Bb4+ 4.Bd2 c5 5.Bxb4 cxb4 6.Nf3 O-O 7.Bg2 d5 8.O-O Nc6
9.Nbd2 Qc7 10.Rc1 a5 11.cxd5 exd5 12.Ne5 Bf5 13.Qa4 Rac8 14.Ndf3 Qb6 15.Nxc6 bxc6
16.Rc5 Nd7 17.Rcc1 Rfe8 18.Qd1 Qb5 19.e3 f6 20.Re1 Ra8 21.Nd2 a4 22.e4 Be6
23.Qc2 Rec8 24.exd5 Bxd5 25.Ne4 Qa5 26.Nd6 Rcb8 27.Qf5 Bxg2 28.Qe6+  1-0

[Event "Lev Polugaevsky Mem"]
[Site "Samara RUS"]
[Date "2011.07.05"]
[Round "1"]
[White "Maletin,P"]
[Black "Nemov,A"]
[Result "1-0"]
[WhiteElo "2575"]
[BlackElo "2128"]

1.d4 Nf6 2.c4 e6 3.g3 Bb4+ 4.Bd2 Be7 5.Bg2 d5 6.Nf3 O-O 7.O-O dxc4 8.Qc2 a6
9.Qxc4 b5 10.Qc2 Bb7 11.Rc1 Bd6 12.a3 a5 13.Nc3 b4 14.axb4 axb4 15.Rxa8 Bxa8
16.Nb5 Be4 17.Qd1 Be7 18.Nxc7 Bc6 19.Bf4 Bd6 20.Bxd6 Qxd6 21.Ne5 Bxg2 22.Kxg2 Rc8
23.Na8 Rd8 24.Nf3 Na6 25.e4 Nxe4 26.Qc2 Nf6 27.Qc8 h6 28.Qb7 Qd5 29.Qxa6 Rxa8
30.Rc8+ Rxc8 31.Qxc8+ Kh7 32.Qc7 Nd7 33.Qf4 Kg8 34.h4 Nf6 35.Qb8+ Kh7 36.Qxb4 g5
37.hxg5 hxg5 38.Qc5 Ne4 39.Qxd5 exd5 40.b4 f6 41.b5 Nd6 42.b6 Kg7 43.Ne1 Kf7
44.Nd3 Ke7 45.Nc5 Kd8 46.Kf3 Nb5 47.Ne6+ Kc8 48.Kg4 Kb7 49.Nc5+ Kc6 50.Kf5  1-0

[Event "1st ch-CHN w Rapid KO"]
[Site "Hefei CHN"]
[Date "2011.07.07"]
[Round "2.2"]
[White "Ju Wenjun"]
[Black "Zhao Xue"]
[Result "0-1"]
[WhiteElo "2515"]
[BlackElo "2470"]

1.d4 Nf6 2.c4 e6 3.g3 Bb4+ 4.Bd2 c5 5.Bxb4 cxb4 6.Bg2 O-O 7.e4 d6 8.Ne2 e5
9.O-O Qc7 10.Nd2 Nc6 11.d5 Nb8 12.a3 Na6 13.Nc1 bxa3 14.Rxa3 Nb4 15.Na2 Nxa2
16.Rxa2 b5 17.Qa1 Bd7 18.Rc1 Rfc8 19.Ra6 Qc5 20.b3 Ng4 21.Rf1 bxc4 22.bxc4 Rcb8
23.h3 Nf6 24.Rb1 Rxb1+ 25.Qxb1 Qc7 26.Qb4 Ne8 27.Qa3 h6 28.Bf1 Kh7 29.Nb3 Bc8
30.Ra5 Nf6 31.Bd3 Bxh3 32.c5 dxc5 33.Qxc5 Qd7 34.Qe3 Kg8 35.Ra6 Qg4 36.Ra1 a5
37.Nd2 a4 38.Nc4 Nd7 39.Be2 Qg6 40.Kh2 Bg4 41.f3 Qh5+ 42.Kg1 Bh3 43.Qf2 f5
44.exf5 Bxf5 45.f4 Bg4 46.Bxg4 Qxg4 47.Ne3 Qg6 48.f5 Qb6 49.Nc4 Qb4 50.Qc2 Rc8
51.Rxa4 Qc5+ 52.Qf2 Qxd5 53.Ne3 Rc1+ 54.Nf1 Nf6 55.Ra3 Ne4 56.Qe3 Nd2  0-1

[Event "Krapina Open"]
[Site "Krapina CRO"]
[Date "2011.07.08"]
[Round "5.6"]
[White "Hamer,I"]
[Black "Tisljar,S"]
[Result "0-1"]
[WhiteElo "2099"]
[BlackElo "2052"]

1.d4 Nf6 2.c4 e6 3.g3 Bb4+ 4.Nd2 O-O 5.Bg2 d5 6.Qb3 Nc6 7.Nf3 a5 8.O-O a4
9.Qc2 dxc4 10.Qxc4 Bd6 11.Nb1 Nd5 12.e4 Nb6 13.Qe2 e5 14.dxe5 Nxe5 15.Rd1 Bg4
16.h3 Bxf3 17.Bxf3 Nxf3+ 18.Qxf3 Qc8 19.Kg2 f5 20.Nc3 Qe6 21.exf5 Rxf5 22.Qe4 Qg6
23.Qg4 Qf7 24.Ne4 Rf8 25.f4 Be7 26.Qe2 h5 27.h4 Nd5 28.Ng5 Bxg5 29.hxg5 h4
30.Re1 hxg3 31.Kxg3 Nxf4 32.Bxf4 Rxf4 33.Qe6 Rf3+ 34.Kg4 Qxe6+ 35.Rxe6 R8f4+
36.Kh5 Kf7  0-1

[Event "111th ch-SUI"]
[Site "Leukerbad SUI"]
[Date "2011.07.08"]
[Round "2"]
[White "Kappeler,K"]
[Black "Ovsejevitsch,S"]
[Result "1/2-1/2"]
[WhiteElo "2234"]
[BlackElo "2589"]

1.d4 Nf6 2.c4 e6 3.g3 Bb4+ 4.Bd2 a5 5.Bg2 O-O 6.e4 d5 7.e5 Nfd7 8.cxd5 exd5
9.Nc3 c5 10.a3 cxd4 11.axb4 dxc3 12.Bxc3 Nc6 13.Qxd5 Ndxe5 14.bxa5 Qe7 15.Ne2 Bg4
16.Bxe5 Nxe5 17.O-O Bxe2 18.Rfe1 Nc6 19.Qd2 Rae8 20.a6 Qe5  1/2-1/2

[Event "Lev Polugaevsky Mem"]
[Site "Samara RUS"]
[Date "2011.07.08"]
[Round "4"]
[White "Iskusnyh,S"]
[Black "Kolomensky,V"]
[Result "1-0"]
[WhiteElo "2455"]
[BlackElo "2253"]

1.d4 Nf6 2.c4 e6 3.g3 Bb4+ 4.Bd2 Qe7 5.Nf3 Nc6 6.Nc3 Bxc3 7.Bxc3 Ne4 8.Rc1 O-O
9.Bg2 d6 10.d5 Nxc3 11.Rxc3 Nb8 12.dxe6 fxe6 13.Nd4 Kh8 14.O-O e5 15.Nc2 Nc6
16.b4 a5 17.b5 Nb4 18.Qd2 Nxc2 19.Qxc2 Bf5 20.Qc1 e4 21.Re3 Rae8 22.Qc3 b6
23.f4 Qe6 24.Rd1 Re7 25.h3 h5 26.Rd5 Qf6 27.Kh2 Qxc3 28.Rxc3 g6 29.e3 Kg7
30.Bf1 Rh8 31.Kg1 Kf6 32.Rc2 Rg7 33.Rh2 Rhg8 34.Be2 Rh8 35.g4 hxg4 36.hxg4 Rxh2
37.Kxh2 Bc8 38.Kg3 Rh7 39.Rd1 Rh8 40.Rg1 Be6 41.a3 Rh7 42.Bf1 Bc8 43.Bg2 Bb7
44.Rd1 Rh8 45.g5+ Kg7 46.Rd2 Re8 47.Rd4 Kf7 48.Rd1 Bc8 49.Rh1 Kg7 50.Bh3 Rh8
51.Rh2 Bxh3 52.Rxh3 Rf8 53.Rh1 Re8 54.Rd1 Rh8 55.Kg2 Kf7 56.Rh1 Rc8 57.Rh7+ Ke6
58.Rg7 c6 59.Kg3 cxb5 60.Rxg6+ Kf7 61.Rf6+ Kg7 62.cxb5 Rc3 63.Rxd6 Rxe3+
64.Kg4 Rxa3 65.f5 Rf3 66.Rxb6 Rb3 67.Re6 Rxb5 68.f6+ Kf7 69.Re7+ Kf8 70.g6  1-0

[Event "Open ch-SVK A"]
[Site "Banska Stiavnica SVK"]
[Date "2011.07.09"]
[Round "1"]
[White "Kantorik,M"]
[Black "Michalik,P"]
[Result "0-1"]
[WhiteElo "2312"]
[BlackElo "2505"]

1.d4 Nf6 2.c4 e6 3.g3 Bb4+ 4.Bd2 c5 5.Nf3 Qb6 6.Bg2 cxd4 7.O-O Nc6 8.Bxb4 Qxb4
9.Qc2 Qe7 10.a3 d6 11.b4 e5 12.Nbd2 O-O 13.Rac1 e4 14.Ng5 d3 15.exd3 Nd4
16.Qd1 Bg4 17.f3 exf3 18.Ngxf3 Ne2+ 19.Kh1 Nxc1 20.Qxc1 Qd7 21.Ng5 h6 22.Rxf6 gxf6
23.Nde4 Kg7 24.Nh7 Qf5 25.Nxf8 Bf3 26.Nxd6 Qxd3 27.c5 Rxf8 28.Bxf3 Qxf3+
29.Kg1 Rd8 30.Qf1 Qxf1+ 31.Kxf1 Rd7 32.Ke2 f5 33.Nxf5+ Kf6 34.Nd6 Ke5 35.Kd3 Kd5
36.Nf5 h5 37.h3 f6 38.Ke3 b6 39.cxb6 Ke5 40.bxa7 Rxa7 41.Nh4 Rxa3+ 42.Kf2 Ke4
43.Kg2 Ra2+ 44.Kg1 Rb2 45.Kh1 Rxb4 46.Kg2 Rb2+ 47.Kg1 Ke3 48.Kh1 Rb4  0-1

[Event "86th ch-Paris IdF"]
[Site "Paris FRA"]
[Date "2011.07.09"]
[Round "8.1"]
[White "Sethuraman,S"]
[Black "Fedorchuk,S"]
[Result "1-0"]
[WhiteElo "2529"]
[BlackElo "2618"]

1.d4 Nf6 2.c4 e6 3.g3 Bb4+ 4.Bd2 Bxd2+ 5.Qxd2 d5 6.Nf3 O-O 7.Bg2 c6 8.O-O b6
9.Rc1 Bb7 10.Ne5 Nfd7 11.Nc3 a6 12.Na4 a5 13.Qf4 Nxe5 14.dxe5 Nd7 15.cxd5 exd5
16.Bh3 Ra6 17.Qf5 Nb8 18.Qd3 c5 19.Bg2 Bc6 20.Nc3 d4 21.Ne4 Ra7 22.f4 f6
23.e3 dxe3 24.Qxe3 fxe5 25.fxe5 Re7 26.Qb3+ Kh8 27.Rd1 Rd7 28.Rf1 Rxf1+ 29.Rxf1 Bd5
30.Qc2 h6 31.Nd6 Bxg2 32.Qxg2 Qg8 33.Qe4 Re7 34.Qg6 Nd7 35.Nf7+ Rxf7 36.Qxf7 Nxe5
37.Qf8 a4 38.Qd6 Nc4 39.Qg6 Ne5 40.Qd6 Nc4 41.Qg6 Ne5 42.Qe4 Nd7 43.Qxa4 Nf6
44.Qb3 Qe8 45.Rd1 b5 46.Qc3 c4 47.Qe1 Qg6 48.a3 Ng4 49.Rd8+ Kh7 50.Rd4 Nf6
51.Kg2 h5 52.Qe2 Qf5 53.Qe3 Qc5 54.Rd3 Qf5 55.Rd2 Ne4 56.Re2 Nf6 57.Qd4 Kh8
58.h3 Qc8 59.Kh2 Qf5 60.Kg2 Qc8 61.Qe3 Qc6+ 62.Qf3 Qd7 63.Re5 Qd2+ 64.Qe2 Qd7
65.Qf2 Qd6 66.Re2 Qd5+ 67.Qf3 Qg5 68.Kh2 Qc5 69.g4 hxg4 70.hxg4 Qg5 71.Kh3 Kg8
72.Qf5 Qc1 73.g5 Qh1+ 74.Rh2 Qe1 75.gxf6 Qe3+ 76.Kg2 Qe2+ 77.Kg3 Qe3+ 78.Qf3 Qg5+
79.Kf2 Qd2+ 80.Qe2 Qf4+ 81.Ke1 Qc1+ 82.Qd1 Qe3+ 83.Re2 Qg3+ 84.Kd2  1-0

[Event "Lev Polugaevsky Mem"]
[Site "Samara RUS"]
[Date "2011.07.09"]
[Round "5"]
[White "Khismatullin,D"]
[Black "Shaposhnikov,E"]
[Result "1/2-1/2"]
[WhiteElo "2656"]
[BlackElo "2540"]

1.d4 Nf6 2.c4 e6 3.g3 Bb4+ 4.Bd2 Be7 5.Bg2 O-O 6.Nf3 d5 7.O-O Nbd7 8.Qc2 c6
9.Bg5 b6 10.Rd1 Bb7 11.Nc3 h6 12.Bf4 Rc8 13.b3 c5 14.Nb5 a6 15.Nd6 Bxd6 16.Bxd6 Re8
17.Qb2 Ne4 18.Bf4 Qe7 19.Rac1 cxd4 20.cxd5 Rxc1 21.Rxc1 e5 22.Rc7 exf4 23.Rxb7 Nc3
24.Nxd4 Qc5 25.Ne6 fxe6 26.Rxd7 e5 27.Qc2 Qd4 28.Rc7 Nd1 29.e3 fxe3 30.Qg6 exf2+
31.Kh1 f1=R+ 32.Bxf1 Qxd5+ 33.Bg2 Nf2+ 34.Kg1 Nh3+ 35.Bxh3 Qd4+ 36.Kf1 Qd1+
37.Kg2 Qd5+ 38.Kf2 Qd2+ 39.Kf3 Qd1+ 40.Ke3 Qe1+ 41.Kf3  1/2-1/2

[Event "111th ch-SUI"]
[Site "Leukerbad SUI"]
[Date "2011.07.10"]
[Round "4"]
[White "Carron,J"]
[Black "Ovsejevitsch,S"]
[Result "1/2-1/2"]
[WhiteElo "2355"]
[BlackElo "2589"]

1.d4 Nf6 2.c4 e6 3.g3 Bb4+ 4.Bd2 a5 5.Bg2 O-O 6.e4 d6 7.Ne2 e5 8.O-O Re8
9.Nbc3 exd4 10.Nxd4 Bxc3 11.Bxc3 Nxe4 12.Bxe4 Rxe4 13.Qf3 Re8 14.Rfe1 Nc6
15.Nxc6 bxc6 16.Qxc6 Bd7 17.Qd5 a4 18.Rxe8+ Qxe8 19.Re1 Be6 20.Qd4 Qf8 21.h4 h6
22.Kh2 c5 23.Qe4 Ra6 24.Rd1  1/2-1/2

[Event "Oberwart Open"]
[Site "Oberwart AUT"]
[Date "2011.07.10"]
[Round "2.25"]
[White "Schreiner,Pe"]
[Black "Portenschlager,P"]
[Result "1-0"]
[WhiteElo "2326"]
[BlackElo "2140"]

1.d4 Nf6 2.c4 e6 3.g3 Bb4+ 4.Bd2 Qe7 5.Nf3 Ne4 6.Bg2 f5 7.O-O Bxd2 8.Nbxd2 Nf6
9.Qc2 c5 10.e4 fxe4 11.Nxe4 Nxe4 12.Qxe4 Nc6 13.d5 Nd8 14.h4 Qf6 15.b3 h6
16.Rad1 O-O 17.d6 Rb8 18.Qe3 b6 19.Ne5 Nf7 20.f4 Nxe5 21.fxe5 Qd8 22.Rxf8+ Qxf8
23.Rf1 Qe8 24.Be4 Bb7 25.Bc2 Qh5 26.Qd3 g6 27.Rf2  1-0

[Event "34th Aegean Open"]
[Site "Aghios Kirykos GRE"]
[Date "2011.07.11"]
[Round "3"]
[White "Eijk,Yuri"]
[Black "Gazis,Ef"]
[Result "1/2-1/2"]
[WhiteElo "2080"]
[BlackElo "2322"]

1.d4 Nf6 2.c4 e6 3.g3 Bb4+ 4.Bd2 Qe7 5.Nf3 Nc6 6.Nc3 d5 7.cxd5 exd5 8.Bg2 O-O
9.O-O Re8 10.Re1 Bg4 11.a3 Bxc3 12.Bxc3 Ne4 13.Qb3 Qd6 14.Rac1 a5 15.Ne5 Nxc3
16.Qxc3 Nxe5 17.dxe5 Rxe5 18.Qxc7 Qxc7 19.Rxc7 d4 20.Bxb7 Rb8 21.Rec1 g6
22.f3 Bf5 23.Kf2 Rbe8 24.Ba6 Rb8 25.Rb7 Rxb7 26.Bxb7 Rb5 27.Bc8 Rxb2 28.Bxf5 gxf5
29.Rd1 Ra2 30.Rxd4 Rxa3 31.Rf4 Ra1  1/2-1/2

[Event "118th ch-SCO"]
[Site "Edinburgh SCO"]
[Date "2011.07.11"]
[Round "3"]
[White "Parks,J"]
[Black "Smith,Stephen H"]
[Result "0-1"]
[WhiteElo "1927"]
[BlackElo "1793"]

1.d4 Nf6 2.c4 e6 3.g3 Bb4+ 4.Bd2 Qe7 5.Nf3 b6 6.Bg2 Bb7 7.O-O Bxd2 8.Qxd2 O-O
9.Nc3 d6 10.Rfd1 Nbd7 11.Rac1 Rfd8 12.Qc2 c5 13.e4 cxd4 14.Nxd4 Nf8 15.Rd2 Rac8
16.b3 g6 17.Rcd1 a6 18.Qb2 N8d7 19.Nc2 Nc5 20.f3 Bc6 21.Ne3 Ne8 22.Ng4 h5
23.Nf2 Nf6 24.Bh3 Ne8 25.Re2 Qf6 26.Bg2 b5 27.cxb5 axb5 28.Red2 b4 29.Ne2 Qxb2
30.Rxb2 Bb5 31.Nd4 Ba6 32.Nc2 Rb8 33.Rd4 Rb6 34.Nxb4 e5 35.Nd5 exd4 36.Nxb6 Nf6
37.Bf1 d3 38.b4 Ne6 39.Bxd3 Bxd3 40.Nxd3 Rb8 41.Nc4 d5 42.exd5 Nxd5 43.a4 Nd4
44.Kf2 Nc3 45.Ke3 Nf5+ 46.Kd2 Nxa4 47.Ra2 Nb6 48.Nxb6 Rxb6 49.Kc3 Rd6 50.Ra7 Nd4
51.Ne5 Nb5+ 52.Kc4 Nxa7 53.Kc5 Re6 54.f4 Kf8 55.b5 Nc8 56.Nd7+ Ke7 57.b6 Nxb6
58.Nxb6 Re2 59.f5 Rxh2 60.Nd5+ Kf8 61.fxg6 fxg6 62.Nf4 Kf7 63.Kd4 g5 64.Nd3 Kf6
65.Nc5 Kf5 66.Ke3 Ra2  0-1

[Event "St Pauli Open"]
[Site "Hamburg GER"]
[Date "2011.07.12"]
[Round "5.41"]
[White "Nugel,K"]
[Black "Bohn,C"]
[Result "1/2-1/2"]
[WhiteElo "2057"]
[BlackElo "1928"]

1.d4 Nf6 2.c4 e6 3.g3 Bb4+ 4.Bd2 Qe7 5.Nf3 b6 6.Nc3 Bb7 7.Bg2 O-O 8.O-O Bxc3
9.Bxc3 Ne4 10.Qc2 f5 11.e3 d6 12.Nd2 d5 13.f3 Nxd2 14.Bxd2  1/2-1/2

[Event "111th ch-SUI"]
[Site "Leukerbad SUI"]
[Date "2011.07.12"]
[Round "6"]
[White "Gerber,R"]
[Black "Ovsejevitsch,S"]
[Result "1/2-1/2"]
[WhiteElo "2381"]
[BlackElo "2589"]

1.d4 Nf6 2.c4 e6 3.g3 Bb4+ 4.Bd2 a5 5.Bg2 O-O 6.Nf3 b6 7.O-O Ba6 8.Qc2 c5
9.Rd1 Bxd2 10.Rxd2 Nc6 11.b3 cxd4 12.Nxd4 Nxd4 13.Rxd4 Rc8 14.Nd2 Qe7 15.Ne4 d5
16.Nxf6+ Qxf6 17.Rad1 dxc4 18.bxc4 Qe5 19.e3 Qc5 20.Qd2 Qa3 21.Bf1 Qc5 22.Rd6 Bxc4  1/2-1/2

[Event "3rd International Open"]
[Site "Rethymno GRE"]
[Date "2011.07.14"]
[Round "5"]
[White "Sturt,R"]
[Black "Kharitonov,Alexandr"]
[Result "0-1"]
[WhiteElo "2231"]
[BlackElo "2539"]

1.d4 Nf6 2.c4 e6 3.g3 Bb4+ 4.Bd2 a5 5.Nf3 b6 6.Bg2 Bb7 7.O-O O-O 8.Bg5 Be7
9.Nc3 h6 10.Bf4 Ne4 11.Nxe4 Bxe4 12.d5 Bf6 13.Be5 exd5 14.cxd5 Bxf3 15.Bxf6 Qxf6
16.Bxf3 Qxb2 17.d6 c6 18.Qb1 Qb4 19.a3 Qxd6 20.Qxb6 a4 21.Rfd1 Qe5 22.Rab1 Ra6
23.Qb4 d5 24.e4 Nd7 25.exd5 c5 26.Qb5 Qd6 27.Be2 Ra7 28.Bf1 Rc8 29.Rbc1 Ne5
30.f4 Ng4 31.Qe2 h5 32.h3 Nf6 33.Qe5 Qb6 34.Rb1 Qd8 35.Bb5 Re7 36.Qc3 Ne4
37.Qf3 c4 38.Bxa4 c3 39.Bc2 Nd2 40.Qd3 g6 41.Rb4 Qd6 42.Rd4 Qc5 43.d6 Rd7
44.Kg2 Rcd8 45.Re1 Qc6+ 46.Kf2 Rxd6 47.Rxd6 Rxd6 48.Re8+ Qxe8 49.Qxd6 Qa8
50.Qd3 Qxa3 51.f5 Qc5+ 52.Qe3 Qc6 53.fxg6 fxg6 54.Qd3 Kf7 55.h4 Qf6+ 56.Kg2 Ke7
57.Qe2+ Kd8 58.g4 hxg4 59.Qxg4 Qf1+ 60.Kg3 Qg1+ 61.Kh3 Qh1+ 62.Kg3 Nf1+ 63.Kf2 Qh2+
64.Kxf1 Qxc2 65.Qe2 Qb1+ 66.Kg2 Qb7+ 67.Kf2 Qc6 68.Qc2 Ke7 69.Ke3 Kf6 70.Kd4 Kg7
71.Kd3 Qd5+ 72.Ke3 Qd2+  0-1

[Event "Najdorf Memorial"]
[Site "Warsaw POL"]
[Date "2011.07.14"]
[Round "1.28"]
[White "Krasenkova,I"]
[Black "Abrahamyan,T"]
[Result "1-0"]
[WhiteElo "2092"]
[BlackElo "2343"]

1.d4 Nf6 2.c4 e6 3.g3 Bb4+ 4.Bd2 Be7 5.Bg2 c6 6.e4 d5 7.e5 Nfd7 8.Qg4 g6
9.b3 dxc4 10.Ne2 cxb3 11.axb3 O-O 12.Bh6 f5 13.Qf4 Rf7 14.h4 Na6 15.Rxa6 bxa6
16.Bxc6 Rb8 17.O-O Nb6 18.Nbc3 Bb7 19.Bxb7 Rxb7 20.Qf3 Bb4 21.Bg5 Qc8 22.d5 Bxc3
23.Nxc3 Rbc7 24.dxe6 Qxe6 25.Re1 Rc5 26.Qe3 Rfc7 27.Na4 Rd5 28.Nc3 Rdd7 29.h5 Rc6
30.h6 Kf7 31.Qf3 Rdc7 32.Ne4 Qxe5 33.Bd2 Qd5 34.Ng5+ Kf6 35.Qe3 Rd7 36.Nxh7+  1-0

[Event "Open ch-SVK A"]
[Site "Banska Stiavnica SVK"]
[Date "2011.07.16"]
[Round "8"]
[White "Kantorik,M"]
[Black "Petenyi,T"]
[Result "1/2-1/2"]
[WhiteElo "2312"]
[BlackElo "2398"]

1.d4 Nf6 2.c4 e6 3.g3 Bb4+ 4.Nd2 O-O 5.Bg2 d5 6.Qc2 Nc6 7.Nf3 dxc4 8.Qxc4 Qd5
9.O-O Bxd2 10.Qxd5 exd5 11.Bxd2 Re8 12.e3 Bf5 13.Rfc1 Rac8 14.Bc3 Be4 15.Nd2 Bxg2
16.Kxg2 Ne7 17.b3 c6 18.Rc2 Ne4 19.h4 f6 20.a4 Kf7 21.Bb4 Nf5 22.Nxe4 Rxe4
23.Rac1 h5 24.Bd2 g5 25.hxg5 fxg5 26.b4 Nd6 27.f3 Ree8 28.e4 Kg6 29.exd5 cxd5
30.Rxc8 Rxc8 31.Rxc8 Nxc8 32.b5 a6 33.bxa6 bxa6 34.g4 hxg4 35.fxg4 Nd6 36.Kf3 Kf6
37.Bb4 Ke7 38.a5 Ke6 39.Ke2 Ne4 40.Ke3 Kd7 41.Bf8 Kc6 42.Be7 Kb5 43.Bd8 Kb4
44.Kd3 Nf2+ 45.Ke2 Ne4 46.Kd3 Kb5 47.Ke3 Kc6 48.Be7 Kd7 49.Bb4 Ke6 50.Kf3 Nd6
51.Bd2 Kf6 52.Bb4 Nb5 53.Ke3 Nc7 54.Bd6 Ne6 55.Kd3 Kf7 56.Bb4 Ke8 57.Bd2 Kd7
58.Kc3 Kc6 59.Kb4 Kd6 60.Kc3 Kc6 61.Kb4 Kd6 62.Kc3 Kc6 63.Kb4 Kd6  1/2-1/2

[Event "Oberwart Open"]
[Site "Oberwart AUT"]
[Date "2011.07.16"]
[Round "8"]
[White "Hera,I"]
[Black "Palac,M"]
[Result "1/2-1/2"]
[WhiteElo "2536"]
[BlackElo "2592"]

1.d4 Nf6 2.c4 e6 3.g3 Bb4+ 4.Nd2 c5 5.a3 Bxd2+ 6.Qxd2 cxd4 7.Nf3 Nc6 8.Nxd4 Qb6
9.Nf3 O-O 10.b4 d5 11.c5 Qc7  1/2-1/2

[Event "4th d'Ille-et-Vilain Open"]
[Site "Rennes FRA"]
[Date "2011.07.17"]
[Round "3.2"]
[White "Ider,B"]
[Black "Chandran,F"]
[Result "1-0"]
[WhiteElo "2359"]
[BlackElo "1777"]

1.d4 Nf6 2.c4 e6 3.g3 Bb4+ 4.Bd2 Qe7 5.Bg2 Bxd2+ 6.Qxd2 O-O 7.Nc3 c6 8.e4 e5
9.Nge2 d6 10.O-O Nbd7 11.f4 Nb6 12.b3 Rb8 13.c5 exd4 14.cxd6 Qxd6 15.e5 Qc5
16.Qxd4 Qxd4+ 17.Nxd4 Ng4 18.Rfe1 Nh6 19.Ne4 Nf5 20.Rad1 Nxd4 21.Rxd4 Be6
22.Nc5 Rfe8 23.Nxe6 fxe6 24.Bh3 Nd5 25.b4 Kf8 26.Rc1 a6 27.a4 Ke7 28.Bg2 Rbd8
29.Bxd5 Rxd5 30.Rxd5 exd5 31.Kf2 Ke6 32.Ke3 Rc8 33.g4 g6 34.Kd4 b6 35.h4 Rc7
36.h5 Rc8 37.h6 Rc7 38.Ke3 c5 39.a5 c4 40.axb6 Rb7 41.Kd4 Rxb6 42.Rf1 Rb5
43.f5+ gxf5 44.gxf5+ Kf7 45.Rg1  1-0

[Event "Najdorf Memorial"]
[Site "Warsaw POL"]
[Date "2011.07.18"]
[Round "6"]
[White "Markowski,T"]
[Black "Macieja,B"]
[Result "1/2-1/2"]
[WhiteElo "2611"]
[BlackElo "2612"]

1.d4 Nf6 2.c4 e6 3.g3 Bb4+ 4.Bd2 Be7 5.Bg2 d5 6.Nf3 c6 7.Qc2 O-O 8.O-O Nbd7
9.Rd1 b6 10.b3 Bb7 11.Nc3 Rc8 12.e4 dxe4 13.Nxe4 c5 14.Nxf6+ Nxf6 15.Bf4 Bxf3
16.Bxf3 cxd4 17.Be5 Bc5 18.Qb2 Qe7 19.Bxd4 Rfd8 20.Bc3 a5 21.Kg2 Ba3 22.Qe2 h6
23.Qe5 Bc5 24.Rab1 Rxd1 25.Rxd1 Rd8 26.Rxd8+ Qxd8 27.Qf4 Qd6 28.Qxd6 Bxd6
29.Bc6 Kf8 30.Kf3 Ke7 31.h3 h5 32.Ke2 Bc5 33.f4 g6 34.Be5 Ne8 35.Kd3 Nf6
36.Bb5 Nh7 37.Bc7 g5 38.fxg5 Nxg5 39.h4 Nh3 40.Bc6 Nf2+ 41.Ke2 Ng4 42.Bf3 f5
43.Bf4 Nf6 44.Bg5  1/2-1/2

[Event "XIII Gdansk Open"]
[Site "Gdansk POL"]
[Date "2011.07.22"]
[Round "7.4"]
[White "Machlowski,S"]
[Black "Rybak,T"]
[Result "1-0"]
[WhiteElo "2159"]
[BlackElo "2222"]

1.d4 Nf6 2.c4 e6 3.g3 Bb4+ 4.Nd2 d5 5.Nf3 O-O 6.a3 Be7 7.Bg2 b6 8.cxd5 exd5
9.Ne5 Bb7 10.Ndf3 c5 11.O-O Nbd7 12.Bf4 Ne4 13.Qa4 Nxe5 14.Bxe5 Qc8 15.dxc5 bxc5
16.Rfd1 Qe6 17.Bf4 Bf6 18.Nd2 Nxd2 19.Rxd2 g5 20.Bc7 Rac8 21.Ba5 Bc6 22.Qd1 d4
23.Bxc6 Rxc6 24.Rc2 Bg7 25.Qd3 c4 26.Qf3 Rfc8 27.Rd1 Qe5 28.Bd2 h6 29.Bc1 Qe6
30.Bd2 f5 31.Bb4 g4 32.Qf4 Be5 33.Qc1 Kf7 34.Rcd2 f4 35.Rxd4 Bxd4 36.Rxd4 fxg3
37.Qf4+ Kg6 38.hxg3 Qf5 39.Qxg4+ Qxg4 40.Rxg4+ Kf5 41.Rd4 Re8 42.g4+ Kg5
43.e3 Kh4 44.Kg2 Rg8 45.Kf3 Rf6+ 46.Ke2 Rf7  1-0

[Event "4th Paleohora Open"]
[Site "Paleochora GRE"]
[Date "2011.07.23"]
[Round "5"]
[White "Guramishvili,S"]
[Black "Megalios,K"]
[Result "1/2-1/2"]
[WhiteElo "2329"]
[BlackElo "2008"]

1.d4 Nf6 2.c4 e6 3.g3 Bb4+ 4.Bd2 Qe7 5.Nf3 Nc6 6.Nc3 Bxc3 7.Bxc3 Ne4 8.Rc1 O-O
9.Bg2 d6 10.d5 Nd8 11.O-O e5 12.b4 f5 13.Bb2 Nf7 14.c5 Nfg5 15.Nxg5 Nxg5
16.f4 exf4 17.gxf4 Ne4 18.Rf3 Bd7 19.Re3 Qh4 20.Bxe4 fxe4 21.Rg3 Rf7 22.Qd4 Qh6
23.cxd6 cxd6 24.Rc7 b6 25.e3 Rc8 26.Rxc8+ Bxc8 27.Qxe4 Bd7 28.Qd4 Kf8 29.Qc3 Qf6
30.Qxf6 gxf6 31.e4 Bb5 32.a3 Bc4 33.Bd4 f5 34.Rc3 b5 35.e5 dxe5 36.fxe5 Bxd5
37.Rc8+ Ke7 38.Bxa7 f4 39.Bd4 Ke6 40.Rc5 Rb7 41.Kf2 Be4 42.Bc3 Rb6 43.Bd2 Kf5
44.e6+ Kxe6 45.Bxf4 Bd5 46.Ke3 Bg2 47.Rg5 Bf1 48.Rg7 Ra6 49.Rxh7 Rxa3+ 50.Kd4 Rh3
51.Rc7 Rh5 52.Rc6+ Kf7 53.Bg3 Ke7 54.Rc1 Bc4 55.Re1+ Kf7 56.Be5 Ke6 57.Bg3+ Kf7
58.Ra1 Rd5+ 59.Ke4 Rh5 60.Kf4 Be6 61.Ra7+ Kf6 62.Ra6 Kf7 63.Rb6 Rf5+ 64.Ke4 Rh5
65.Bf4 Bd5+ 66.Ke3 Be6 67.Kf3 Rh3+ 68.Bg3 Rh5 69.h4 Rf5+ 70.Bf4 Bc4 71.Kg4 Rd5
72.Rb7+ Ke6 73.Rh7 Be2+ 74.Kg3 Rd3+ 75.Kf2  1/2-1/2

[Event "2nd ch-Vojvodina"]
[Site "Novi Sad SRB"]
[Date "2011.07.24"]
[Round "1.8"]
[White "Tosic,M"]
[Black "Djordjevic,Da"]
[Result "1/2-1/2"]
[WhiteElo "2402"]
[BlackElo "1996"]

1.d4 Nf6 2.c4 e6 3.g3 Bb4+ 4.Bd2 Bxd2+ 5.Qxd2 c5 6.dxc5 Ne4 7.Qd4 Qa5+ 8.Nd2 Nxd2
9.Qxd2 Qxc5 10.Bg2 Nc6 11.Rc1 O-O 12.Nf3 Rb8 13.a3 a5 14.Ng5 f5 15.O-O Nd4
16.Rc3 h6 17.Nh3 e5 18.e3 Ne6 19.Rd1 g5 20.Kh1 g4 21.Ng1 b5 22.cxb5 Qxb5
23.b3 Rd8 24.Qd6 Rb6 25.Qe7 Bb7 26.f3 d5 27.Rc7 Nxc7 28.Qxd8+ Ne8 29.fxg4 d4
30.Bxb7 Rxb7 31.h3 Rb8 32.Qe7 Qc6+ 33.e4 Qxe4+ 34.Kh2 Qc2+ 35.Kh1 Qxd1 36.Qe6+ Kf8
37.Qxf5+ Kg8 38.Qe6+ Kf8 39.Qf5+ Kg8 40.Qe6+  1/2-1/2

[Event "ch-AUT"]
[Site "Linz AUT"]
[Date "2011.07.26"]
[Round "4"]
[White "Hartl,D"]
[Black "Shengelia,D"]
[Result "0-1"]
[WhiteElo "2295"]
[BlackElo "2513"]

1.d4 Nf6 2.c4 e6 3.g3 Bb4+ 4.Bd2 Bxd2+ 5.Qxd2 d5 6.Bg2 c6 7.Nf3 Nbd7 8.O-O O-O
9.b3 b6 10.Qc2 Qe7 11.Nbd2 Bb7 12.e4 dxe4 13.Nxe4 c5 14.Ne5 cxd4 15.Nxd7 Nxd7
16.f4 Nc5 17.Ng5 d3 18.Qd2 a5 19.Rae1 Bxg2 20.Qxg2 Rad8 21.Rf2 Rd6 22.Rd2 Rfd8
23.Ne4 Rd4 24.Nc3 R4d7 25.f5 e5 26.Nd5 Rxd5 27.cxd5 e4 28.Qf2 Rxd5 29.Qf4 Qe5
30.Qe3 Qxf5 31.a3 Qe6 32.b4 Nb3 33.Rb2 a4 34.Qf4 g5 35.Qe3 h6 36.Rf2 d2 37.Rd1 Rd3
38.Qe2 Nd4 39.Qf1 g4 40.Kh1 Nf3  0-1

[Event "11th Condino Open"]
[Site "Condino ITA"]
[Date "2011.07.30"]
[Round "7"]
[White "Salmoiraghi,A"]
[Black "De Santis,A"]
[Result "1/2-1/2"]
[WhiteElo "2152"]
[BlackElo "2305"]

1.d4 Nf6 2.c4 e6 3.g3 Bb4+ 4.Bd2 Qe7 5.Nf3 Ne4 6.a3 Bxd2+ 7.Nbxd2 Nxd2 8.Qxd2 a5
9.b3 d6 10.Bg2 O-O 11.O-O e5 12.dxe5 dxe5  1/2-1/2

[Event "112th US Open"]
[Site "Orlando USA"]
[Date "2011.07.31"]
[Round "3"]
[White "Sundararajan,K"]
[Black "Luchan,J"]
[Result "1-0"]
[WhiteElo "2491"]
[BlackElo "2101"]

1.d4 Nf6 2.c4 e6 3.g3 Bb4+ 4.Bd2 Qe7 5.Bg2 Nc6 6.e3 e5 7.d5 Bxd2+ 8.Qxd2 Nb8
9.Nc3 d6 10.Nge2 a5 11.O-O O-O 12.b3 Na6 13.a3 Bg4 14.h3 Bd7 15.Rab1 Nc5
16.b4 axb4 17.axb4 Na4 18.Nxa4 Rxa4 19.Rfc1 Bf5 20.Rb2 Rfa8 21.g4 Bg6 22.Ng3 h5
23.g5 Nd7 24.h4 f5 25.f4 exf4 26.exf4 Ra3 27.Nf1 Ra1 28.Rbc2 R8a3 29.Kf2 Ne5
30.fxe5 Qxe5 31.Rxa1 Rxa1 32.Qc3 Ra2 33.Qxe5 Rxc2+ 34.Qe2 Rxe2+ 35.Kxe2  1-0